| 000 | 00760 a2200217 4500 | ||
|---|---|---|---|
| 001 | 25219 | ||
| 005 | 20260407155536.0 | ||
| 008 | 260407a1973 arg spa d | ||
| 003 | AR-UNSa-BCEJYS | ||
| 040 |
_aAR-UNSa-BCEJYS _bspa _cAR-UNSa-BCEJYS |
||
| 080 |
_a519.2 _xProbabilidades y estadística matemática |
||
| 245 | 1 | 0 | _aEjercicios de estadística descriptiva para economistas |
| 020 | _a84-344-0120-7 | ||
| 264 | 1 |
_aBarcelona : _bAriel _c1973 |
|
| 300 |
_a178 p. _c22 cm. |
||
| 505 | _a1. Análisis de una variable - 2. Análisis conjunto de dos variables - 3. Análisis conjunto de tres o más variables - 4. Serie temporales. | ||
| 041 | _aspa | ||
| 942 | _cBK | ||
| 590 | _aniveau_biblio:m niveau_hierar:0 | ||
| 100 | 1 | _aGarcia Barbancho, Alfonso | |
| 999 |
_c1327 _d1327 |
||